| 000 | 00573nam a2200217Ia 4500 | ||
|---|---|---|---|
| 003 | OSt | ||
| 005 | 20220928135459.0 | ||
| 006 | a|||||r|||| 00| 0 | ||
| 007 | ta | ||
| 008 | 220927b |||||||| |||| 00| 0 eng d | ||
| 024 | _a2485 | ||
| 037 | _cTextual | ||
| 040 |
_aSDCL _cSDCL _beng |
||
| 041 |
_2eng _aeng |
||
| 082 | _aO-,1K:g, L0 | ||
| 100 |
_aFowler Alastair _9490938 |
||
| 245 | 0 |
_aTriumphal forms _b Structural patterns in Elizabethan poetry |
|
| 260 | _c1970 | ||
| 942 |
_hO-,1K:g, L0 _cTEXL _2CC |
||
| 999 |
_c806296 _d806296 |
||